000 00446nam a2200181Ia 4500
008 100917s9999 xx 000 0 und d
082 _b51232
100 _aसाधले आनंद
245 _aसय
260 _bपरचुरे प्रकाशन
_c1972
300 _a143
365 _b7.5
520 _aकादंबरी
630 _aसय
650 _aकादंबरी
730 _aसय
942 _cBOOK
999 _c656626
_d656623